000 00624cam a2200229 4500500
005 20260329005248.0
041 _afre
042 _adc
100 1 0 _aOrtoli, Sven
_eauthor
245 0 0 _aC’est pas trop taux !
260 _c2023.
500 _a38
690 _aArgent
690 _aCrédit
690 _aDette
690 _aFinances
690 _aHabitat
690 _aintérêt
690 _aTaux négatif
786 0 _nPhilosophie magazine | 166 | 1 | 2023-02-01 | p. 12-12 | 1951-1787
856 4 1 _uhttps://shs.cairn.info/magazine-philosophie-magazine-2023-1-page-12?lang=fr&redirect-ssocas=7080
999 _c1841789
_d1841789